বাংলা কথাসাহিত্য : মুসলিম চরিত্র পরিবার ও সমাজ (১৮৫৮-১৯৩৮) / (Record no. 10118)
[ view plain ]
| 000 -LEADER | |
|---|---|
| fixed length control field | 00757nam a22002177a 4500 |
| 001 - CONTROL NUMBER | |
| JCCL Control Number | 10118 |
| 003 - CONTROL NUMBER IDENTIFIER | |
| JCCL marc code | BD-JhCC |
| 005 - DATE AND TIME OF LATEST TRANSACTION | |
| control field | 20180523111512.0 |
| 008 - FIXED-LENGTH DATA ELEMENTS--GENERAL INFORMATION | |
| fixed length control field | 180418b1991 bg ||||| |||| 00| 0 ben d |
| 035 ## - SYSTEM CONTROL NUMBER | |
| system control number | (BD-JhCC)10118 |
| 040 ## - CATALOGING SOURCE | |
| Original cataloging agency | BD-JhCC |
| Modifying agency | BD-JhCC |
| 041 ## - LANGUAGE CODE | |
| Language code of Book | ben |
| 082 ## - DEWEY DECIMAL CLASSIFICATION NUMBER | |
| Classification number | 891.4409 |
| Author mark and Year | RAH 1991 |
| 100 ## - MAIN ENTRY--PERSONAL NAME | |
| Personal name | রহমান, শেখ আতাউর |
| 245 ## - TITLE STATEMENT | |
| Title | বাংলা কথাসাহিত্য : মুসলিম চরিত্র পরিবার ও সমাজ (১৮৫৮-১৯৩৮) / |
| Statement of responsibility, etc | শেখ আতাউর রহমান |
| 260 ## - PUBLICATION, DISTRIBUTION, ETC. (IMPRINT) | |
| Place of publication, distribution, etc | ঢাকা : |
| Name of publisher, distributor, etc | বাংলা একাডেমী |
| Date of publication, distribution, etc | 1991. |
| 300 ## - PHYSICAL DESCRIPTION | |
| Pagination | 647 p. : |
| Dimensions | 20 cm. |
| 650 ## - SUBJECT ADDED ENTRY--TOPICAL TERM | |
| Topical term or geographic name as entry element | Bengali Literature |
| 942 ## - ADDED ENTRY ELEMENTS (KOHA) | |
| Source of classification or shelving scheme | Dewey Decimal Classification |
| Koha item type | Books |
| Source of classification or shelving scheme | Damaged status | Not for loan | Home library | Current library | Shelving location | Date of accession | Cost, normal purchase price | Total Checkouts | Full call number | Barcode | Date last seen | Copy number | Koha item type |
|---|---|---|---|---|---|---|---|---|---|---|---|---|---|
| Dewey Decimal Classification | JCC Rouf Library | JCC Rouf Library | General Stacks | 04/18/2018 | 150.00 | 891.4409 RAH 1991 | 12935 | 04/18/2018 | C-1 | Books |